000 00876nam a22003377a 4500
001 BR9802111
003 BR-BrBNA
005 20230928095909.0
007 ta
008 230509b bl.||||| |||| 00| 0 por d
040 _aBR-BrBNA
_bpor
_cBiblioteca Nacional de Agricultura
041 _a(Por)
072 _aL01; L10
_b5100
090 _ 5100 BR9802111
100 1 _aMenezes, C.R.A. de
100 1 _aGuedes, V.G.F.
110 1 _aFaculdade de Zootecnia de Uberaba, MG (Brasil)
_94515
245 1 _aEquinocultura
250 1 _a2. ed.
260 3 _aUberaba, MG (Brasil):
_c1984.
300 _a43 p.
500 _a5 ref.; 10 illus.
650 _aEquinocultura
650 _aCriacao
650 _aRaca
650 _aInstalacao para Animal
650 _aReproducao Animal
650 _aNutricao Animal
909 _a202309
_bLucia
_c55
_dLucia Elande
942 _cBK
999 _c59274
_d59274